Statistics for 100 Extreme Metal Bands

Click here to take the quiz!

General Stats

  • This quiz has been taken 98 times
  • The average score is 40 of 100

Answer Stats

CountryGenrePop. AlbumPopularityAnswer% Correct
🇺🇸Thrash Metal, Heavy MetalMaster of Puppets⭐⭐⭐⭐⭐Metallica
91%
🇺🇸Thrash Metal, Groove MetalReign in Blood⭐⭐⭐⭐⭐Slayer
87%
🇺🇸Thrash Metal, Heavy MetalAmong the Living⭐⭐⭐⭐Anthrax
85%
🇺🇸Thrash Metal, Heavy MetalRust in Peace⭐⭐⭐⭐⭐Megadeth
84%
🇺🇸Groove Metal, Thrash Metal, Glam MetalVulgar Display of Power⭐⭐⭐⭐⭐Pantera
84%
🇳🇴Black MetalDe mysteriis dom Sathanas⭐⭐⭐Mayhem
83%
🇳🇴Atmospheric Black Metal, Dark AmbientFilosofem⭐⭐⭐Burzum
80%
🇺🇸Brutal Death MetalTomb of the Mutilated⭐⭐⭐⭐Cannibal Corpse
80%
🇩🇪Neue Deutsche Härte, Industrial MetalMutter⭐⭐⭐⭐⭐Rammstein
77%
🇺🇸Technical Death Metal, Progressive MetalSymbolic⭐⭐⭐⭐Death
76%
🇧🇷Groove Metal, Thrash Metal, Nu MetalArise⭐⭐⭐⭐⭐Sepultura
73%
🇬🇧Heavy Metal, Thrash MetalBlack Metal⭐⭐⭐Venom
73%
🇸🇪Melodic Death MetalTwilight of the Thunder God⭐⭐⭐⭐Amon Amarth
72%
🇸🇪Viking Metal, Thrash Metal, Black MetalBlood Fire Death⭐⭐⭐Bathory
72%
🇳🇴Black MetalTransilvanian Hunger⭐⭐⭐Darkthrone
72%
🇸🇪Progressive Death Metal, Progressive RockBlackwater Park⭐⭐⭐⭐Opeth
72%
🇵🇱Blackened Death MetalThe Satanist⭐⭐⭐Behemoth
69%
🇸🇪Melodic Death Metal, Alternative MetalThe Jester Race⭐⭐⭐⭐⭐In Flames
68%
🇬🇧Melodic Death Metal, GrindcoreHeartwork⭐⭐⭐Carcass
67%
🇨🇭Thrash Metal, Doom MetalTo Mega Therion⭐⭐⭐Celtic Frost
67%
🇳🇴Symphonic Black MetalIn the Nightside Eclipse⭐⭐⭐Emperor
67%
🇫🇷Progressive Death Metal, Groove MetalFrom Mars to Sirius⭐⭐⭐⭐Gojira
65%
🇩🇪Thrash MetalPleasure to Kill⭐⭐⭐⭐Kreator
65%
🇺🇸Thrash Metal, Heavy MetalThe Legacy⭐⭐⭐⭐Testament
65%
🇫🇮Melodic Death Metal, Power MetalHatebreeder⭐⭐⭐⭐⭐Children of Bodom
64%
🇸🇪Experimental Metal, Progressive MetalobZen⭐⭐⭐⭐Meshuggah
64%
🇺🇸Death MetalAltars of Madness⭐⭐⭐Morbid Angel
64%
🇺🇸Progressive Metal, Sludge MetalLeviathan⭐⭐⭐⭐Mastodon
63%
🇺🇸Progressive MetalImages and Words⭐⭐⭐⭐⭐Dream Theater
61%
🇺🇸Thrash Metal, Groove MetalBonded by Blood⭐⭐⭐Exodus
60%
🇩🇪Thrash MetalAgent Orange⭐⭐⭐Sodom
60%
🇫🇷Shoegaze, Post Black MetalEcailles de Lune⭐⭐⭐Alcest
57%
🇬🇧Symphonic Black Metal, Gothic MetalNymphetamine⭐⭐⭐⭐Cradle of Filth
55%
🇳🇴Symphonic Black MetalEnthrone Darkness Triumphant⭐⭐⭐⭐Dimmu Borgir
55%
🇳🇴Black MetalPure Holocaust⭐⭐⭐Immortal
53%
🇬🇧Grindcore, Death MetalFrom Enslavement to Obliteration⭐⭐⭐Napalm Death
51%
🇸🇪Melodic Black MetalStorm of the Light's Bane⭐⭐⭐Dissection
49%
🇸🇪Blackened Death MetalPanzer Division ...⭐⭐⭐Marduk
49%
🇸🇪Melodic Death MetalDoomsday Machine⭐⭐⭐⭐Arch Enemy
44%
🇳🇴Black MetalPentagram⭐⭐⭐Gorgoroth
44%
🇳🇴Progressive Black Metal, Viking MetalBelow the Lights⭐⭐⭐Enslaved
43%
🇨🇦Technical Death Metal, Avant-garde MetalObscura⭐⭐⭐Gorguts
41%
🇨🇦Progressive Metal, Alternative Metal, New AgeZiltoid The Omniscient⭐⭐⭐Devin Townsend
37%
🇸🇪Death-doom, Alternative Metal, Gothic MetalThe Great Cold Distance⭐⭐⭐⭐Katatonia
37%
🇫🇷Black Metal, Avant-garde MetalParacletus⭐⭐⭐Deathspell Omega
35%
🇳🇴Electronic, Ambient, Synthpop, Black MetalBergtatt: Et eeventyr i 5 capitler⭐⭐⭐Ulver
35%
🇺🇸Technical Thrash MetalTerminal Redux⭐⭐Vektor
35%
🇬🇧Gothic Metal, Alternative Rock, Doom MetalAlternative 4⭐⭐⭐⭐Anathema
33%
🇸🇪Black MetalThe Secrets of the Black Arts⭐⭐⭐Dark Funeral
33%
🇳🇴Black Metal, Black'n'rollNemesis Divina⭐⭐⭐Satyricon
33%
🇸🇪Symphonic Metal, Death Metal, Progressive MetalTheli⭐⭐⭐Therion
33%
🇸🇪Melodic Death MetalFiction⭐⭐⭐⭐Dark Tranquillity
32%
🇩🇪Technical Death MetalCosmogenesis⭐⭐⭐Obscura
32%
🇵🇱Death MetalDe Profundis⭐⭐⭐Vader
32%
🇸🇪Black MetalCasus Luciferi⭐⭐⭐Watain
32%
🇩🇪Technical Death MetalEpitaph⭐⭐⭐Necrophagist
31%
🇬🇷Symphonic Death Metal, Gothic MetalCommunion⭐⭐⭐Septicflesh
31%
🇬🇧Death-doom, Gothic MetalThe Angel and the Dark River⭐⭐⭐My Dying Bride
29%
🇬🇷Melodic Black Metal, Gothic MetalTheogonia⭐⭐⭐Rotting Christ
29%
🇨🇭Technical Thrash Metal, Progressive MetalGrin⭐⭐Coroner
28%
🇨🇭Atmospheric Black Metal, Dark AmbientDark ... III I⭐⭐Darkspace
28%
🇦🇹Atmospheric Black Metal, Dungeon SynthStronghold⭐⭐⭐Summoning
28%
🇳🇴Symphonic Black Metal, Progressive MetalThe Sham Mirrors⭐⭐⭐Arcturus
27%
🇫🇷Atmospheric Black MetalUltima Thulée⭐⭐⭐Blut Aus Nord
27%
🇫🇮Pagan Metal, Viking Metal, Folk MetalVerisäkeet⭐⭐⭐Moonsorrow
25%
🇨🇦Industrial Metal, Progressive MetalAlien⭐⭐⭐Strapping Young Lad
25%
🇳🇴Melodic Black Metal1184⭐⭐⭐Windir
25%
🇬🇧Progressive MetalThe Mountain⭐⭐⭐Haken
24%
🇺🇸Progressive Metal, Neoclassical MetalThe Divine Wings of Tragedy⭐⭐⭐Symphony X
23%
🇫🇮Melodic Death MetalAbove the Weeping World⭐⭐⭐Insomnium
21%
🇮🇪Folk Metal, Pagan Black MetalTo the Nameless Dead⭐⭐⭐Primordial
21%
🇮🇹Brutal Death Metal, Symphonic Death MetalAgony⭐⭐⭐Fleshgod Apocalypse
20%
🇳🇴Progressive Black MetalArktis.⭐⭐⭐Ihsahn
20%
🇮🇹Alternative Metal, Gothic MetalComalies⭐⭐⭐⭐Lacuna Coil
20%
🇨🇭Symphonic Black Metal, Industrial MetalCeremony of Opposites⭐⭐⭐Samael
20%
🇺🇸Groove Metal, Nu Metal, Thrash MetalDark Ages⭐⭐⭐⭐Soulfly
20%
🇸🇪Gothic Metal, Death-DoomArcane Rain Fell⭐⭐⭐Draconian
17%
🇸🇪Melodic Death MetalVirus⭐⭐⭐Hypocrisy
17%
🇬🇧Djent, Progressive Metal, Post MetalAltered State⭐⭐⭐TesseracT
17%
🇳🇴Progressive Metal, Viking Metal, Folk MetalQuintessence⭐⭐⭐Borknagar
15%
🇳🇱Gothic Metal, Death-doom, Alternative RockMandylion⭐⭐⭐The Gathering
15%
🇫🇷Brutal Death Metal, DeathgrindIdentisick⭐⭐Benighted
13%
🇫🇷Symphonic Black MetalNew Obscurantis Order⭐⭐Anorexia Nervosa
12%
🇺🇦Progressive Metal, Metalcore, DjentKing of Everything⭐⭐⭐Jinjer
12%
🇺🇸Groove Metal, Melodic Death MetalThe Fury of Our Maker's Hand⭐⭐⭐⭐Devildriver
11%
🇸🇪Black Metal, Progressive Metal, Avant-garde MetalNightworkDiabolical Masquerade
11%
🇸🇪Melodic Black Metal, Death MetalThe Nocturnal Silence⭐⭐Necrophobic
11%
🇸🇪Progressive Metal, Progressive RockThe Perfect Element I⭐⭐⭐Pain of Salvation
11%
🇩🇪Atmospheric Black MetalFinisterreDer Weg Einer Freiheit
9%
🇳🇴Black MetalDesert Northern Hell⭐⭐Tsjuder
9%
🇨🇭Avant-garde Metal, Soul, Black Metal, Doom MetalStranger FruitZeal and Ardor
9%
🇩🇪Melodic Black MetalYlem⭐⭐Dark Fortress
8%
🇸🇪Melodic Death Metal, Progressive MetalThe Weight of Oceans⭐⭐In Mourning
8%
🇳🇴Melodic Black Metal, Thrash MetalKolossus⭐⭐Keep of Kalessin
8%
🇳🇱Melodic Black Metal, Melodic Death MetalEmergenceShylmagoghnar
8%
🇺🇸Thrash MetalWar Without End⭐⭐Warbringer
8%
🇺🇸Death Metal, GrindcoreHeirs to Thievery⭐⭐⭐Misery Index
7%
🇳🇴Symphonic Black MetalIn Defiance of Existence⭐⭐⭐Old Man's Child
7%
🇬🇧Thrash Metal, Melodic Death Metal, MetalcoreCycle of Suffering⭐⭐⭐Sylosis
7%
🇯🇵Melodic Death Metal, Power MetalKuru oshiku Saita Seisan Na Mukuro Wa Kanade ...Imperial Circus Dead Decadence
4%

Score Distribution

Percentile by Number Answered

Percent of People with Each Score

Your Score History

You have not taken this quiz